Issues in applied ethics / (Record no. 29855)

MARC details
000 -LEADER
fixed length control field 00740nam a2200217 a 4500
005 - DATE AND TIME OF LATEST TRANSACTION
control field 2009083104304.0
008 - FIXED-LENGTH DATA ELEMENTS--GENERAL INFORMATION
fixed length control field 060731s1999 nyua b 000 0 eng d
010 ## - LCCN (DPL NO)
LC control number ENG-94998
020 ## - INTERNATIONAL STANDARD BOOK NUMBER
International Standard Book Number 9788190730464
Terms of availability 500.00
035 ## - SYSTEM CONTROL NUMBER
System control number EN-78531
037 ## - SOURCE OF ACQUISITION
Source of stock number/acquisition DBAD / PUB
040 ## - CATALOGING SOURCE
Original cataloging agency dpl
Language of cataloging English
082 ## - DEWEY DECIMAL CLASSIFICATION NUMBER
Classification number 170
100 ## - MAIN ENTRY--PERSONAL NAME
Personal name Vinod Kumari
245 ## - TITLE STATEMENT
Title Issues in applied ethics /
Statement of responsibility, etc by Vinod Kumari
260 ## - PUBLICATION, DISTRIBUTION, ETC. (IMPRINT)
Place of publication, distribution, etc New Delhi
Name of publisher, distributor, etc Satyam Publishing House
Date of publication, distribution, etc 2008
270 ## - ADDRESS
Address N-3/25, Mohan Garden,
City New Delhi
Postal code 110059
300 ## - PHYSICAL DESCRIPTION
Extent 224p.
Dimensions 24cm(Hb)
942 ## - ADDED ENTRY ELEMENTS (KOHA)
Source of classification or shelving scheme Dewey Decimal Classification
Item type English Books
Call number suffix VIN
Classification part 170
Holdings
Withdrawn status Lost status Source of classification or shelving scheme Damaged status Not for loan Collection code Home library Current library Date acquired Source of acquisition Cost, normal purchase price Total Checkouts Full call number Barcode Date last seen Copy number Cost, replacement price Koha item type
    Dewey Decimal Classification   Not For Loan Non-fiction D.B.Act.Division D.B.Act.Division 31/08/2009 DBAD / PUB 500.00   170 VIN EN-78531 31/08/2009 1 500.00 English Books

© Delhi Public Library
Hit Counter
free hit counter